000 00501nam a2200193 4500
001 49
005 20201125170216.0
007 tu
008 s1957||||||| ger
100 1 _aAckermann
245 0 0 _aEntwurf einer Chronik des Braunkohlenbergbaues in Finkenheerd
_cAckermann, Erg. von Hermann Kolb
264 _aFinkenheerd
_c1957
300 _a268 Bl. + Fotos
365 _cDEM
546 _adeutsch
650 0 4 _aBergbau
650 0 4 _aFinkenheerd
700 1 _aKolb, Hermann
_eErg.
999 _c61040
_d61040